Pozycja Geographic Name
Liczba rekordów, w których użyto hasła: 1
001 - Numer kontrolny
- control field: 41015
003 - Identyfikator numeru kontrolnego
- control field: NUKAT
005 - Data i czas ostatniej modyfikacji
- control field: 20260430123820.0
008 - Dane kontrolne kodowane (40 znaków)
- fixed length control field: 050120n||azznnbabn |a ana |
010 ## - Numer kontrolny Biblioteki Kongresu
- numer kontrolny LC: p 2004402198
034 ## - CODED CARTOGRAPHIC MATHEMATICAL DATA
- Coordinates - westernmost longitude: E0212453
- Coordinates - easternmost longitude: E0212453
- Coordinates - northernmost latitude: N0500309
- Coordinates - southernmost latitude: N0500309
- Source: geonames
035 ## - Numer systemowy
- numer systemowy: a1015405x
035 ## - Numer systemowy
- numer systemowy: (PL)a0000001015405
040 ## - Instytucja sporządzająca rekord
- inst. przygot. dane do rek. khw: WA N
- język haseł przedmiotowych/tezaurus: DBN
- inst. wprow. rek. khw: WA N
043 ## - Kod obszaru geograficznego
- ISO code: PL
151 ## - Hasło - nazwa geograficzna
- nazwa geograficzna: Dębica (woj. podkarpackie)
368 ## - Other Attributes
- Juris type: Miasta
550 ## - Trop zob. też - nazwa pospolita
- nazwa posp. lub nazwa geogr. na pocz.: Kościół św. Jadwigi Śląskiej (Dębica)
550 ## - Trop zob. też - nazwa pospolita
- nazwa posp. lub nazwa geogr. na pocz.: Klasztor Służebniczek Dębickich (Dębica ; budynek)
550 ## - Trop zob. też - nazwa pospolita
- nazwa posp. lub nazwa geogr. na pocz.: Rynek w Dębicy
551 ## - Trop zob. też - nazwa geograficzna
- podpole kontrolne: h
- nazwa geograficzna: Kawęczyn (Dębica ; część miasta)
551 ## - Trop zob. też - nazwa geograficzna
- podpole kontrolne: h
- nazwa geograficzna: Osiedle Gawrzyłowa (Dębica ; część miasta)
670 ## - Źródło informacji
- źródło informacji: Dz.U. 103/98
670 ## - Źródło informacji
- źródło informacji: TERYT
682 ## - Informacja o usuniętym haśle
- tekst wyjaśniający: zatwierdzone